000
00288nam a22001217a 4500
020
_a
0-05-002458-2
082
_a
004 FAI
100
_a
FAIRLIE.T.H,NEIL.C.M,FLOCKHART.H.S
_9
78159
245
_a
COMPUTERS IN ACTION
260
_a
PDF
_b
OLIVER AND BOYD
_c
1793
300
_a
90P
942
_c
BK
999
_c
583321
_d
583321